000 00697nam a2200253Ia 4500
003 OSt
005 20221005092716.0
006 a|||||r|||| 00| 0
007 ta
008 221004b |||||||| |||| 00| 0 eng d
020 _a0671458183 (hbk)
024 _a121002
037 _bGift, 05/09/2012,
_cTextual
040 _aCRL
_cCRL
_beng
041 _2eng
_aeng
082 _aO111,3N04,MQ, M2
100 _aGreene Graham
245 0 _aMonsignor quixote
260 _aNew York
_bSimon and Schuster
_c1982
300 _a221p.
_ccm.
650 _aENGLISH LITERATURE
942 _hO111,3N04,MQ, M2
_cTEXL
_2cc
999 _c999246
_d999246